[Event "SLO-ch U14"]
[Site "Bled"]
[Date "2015.02.25"]
[Round "8"]
[White "Unuk, Jan"]
[Black "Ocepek, Jan"]
[Result "1-0"]
[WhiteElo "1720"]
[BlackElo "1224"]
[PlyCount "109"]
[EventDate "2015.02.21"]
[EventType "swiss"]
[EventRounds "9"]
[EventCountry "SLO"]
[SourceTitle "EXT 2023"]
[Source "ChessBase"]
[SourceDate "2022.10.05"]
[SourceVersion "1"]
[SourceVersionDate "2022.10.05"]
[SourceQuality "1"]

1. d4 d5 2. c4 e6 3. Nc3 Bb4 4. Nf3 Nf6 5. Bg5 0-0 6. e3 b6 7. Qb3 Bxc3+ 8. bxc3 Ba6 9. Ne5 c5 10. Bd3 dxc4 11. Bxc4 Bxc4 12. Qxc4 Qd5 13. 0-0 Qxc4 14. Nxc4 Ne4 15. Be7 Re8 16. Nd6 Rxe7 17. Nxe4 cxd4 18. cxd4 Nc6 19. Rac1 f5 20. Nd6 Rc7 21. Rc2 Rd8 22. Nb5 Rcc8 23. g3 Nb4 24. Rb2 Nc6 25. Rc1 a6 26. Rbc2 Ne7 27. Nc7 Rd6 28. Nxa6 Rxc2 29. Rxc2 Nd5 30. a3 b5 31. Nb4 Nxb4 32. axb4 Kf7 33. Rc5 Rd5 34. Kf1 Rxc5 35. dxc5 Ke7 36. Ke2 Kd7 37. Kd3 Kc6 38. Kd4 h6 39. Ke5 Kd7 40. h4 h5 41. f3 Ke7 42. c6 g6 43. e4 fxe4 44. fxe4 Kd8 45. Kd6 e5 46. Kxe5 Kc7 47. Kd5 Kc8 48. Kd6 Kd8 49. e5 Kc8 50. c7 Kb7 51. Kd7 Ka7 52. c8Q Kb6 53. Qc7+ Ka6 54. Kc6 g5 55. Qb6# 1-0

[Event "SLO-ch U14"]
[Site "Bled"]
[Date "2015.02.24"]
[Round "6"]
[White "Unuk, Jan"]
[Black "Krzan, Peter"]
[Result "1/2-1/2"]
[WhiteElo "1720"]
[BlackElo "1572"]
[PlyCount "108"]
[EventDate "2015.02.21"]
[EventType "swiss"]
[EventRounds "9"]
[EventCountry "SLO"]
[SourceTitle "EXT 2023"]
[Source "ChessBase"]
[SourceDate "2022.10.05"]
[SourceVersion "1"]
[SourceVersionDate "2022.10.05"]
[SourceQuality "1"]

1. d4 Nf6 2. c4 g6 3. Nc3 d5 4. Nf3 Bg7 5. Bg5 Ne4 6. cxd5 Nxg5 7. Nxg5 e6 8. Qd2 exd5 9. Qe3+ Kf8 10. Qf4 Bf6 11. h4 h6 12. Nf3 Kg7 13. 0-0-0 c6 14. e4 Re8 15. Bd3 Be6 16. g4 Be7 17. g5 h5 18. Rhe1 Qd6 19. Ne5 Nd7 20. exd5 cxd5 21. Qe3 Nxe5 22. Qxe5+ Qxe5 23. Rxe5 Bd6 24. Ree1 a6 25. Kb1 Rac8 26. a3 Red8 27. Rc1 Rc6 28. Ne2 Rxc1+ 29. Nxc1 Bd7 30. Bc2 Re8 31. Rxe8 Bxe8 32. Bb3 Bc6 33. Kc2 Kf8 34. Kd3 Ke7 35. Kc3 Ke6 36. Bc2 b5 37. Bd3 Bb7 38. Nb3 Bc8 39. Nc5+ Bxc5 40. dxc5 Bb7 41. Kd4 Bc6 42. b4 Bb7 43. Bf1 f5 44. gxf6 Kxf6 45. f4 Kf5 46. Bg2 Kxf4 47. Bxd5 Bc8 48. Bf7 g5 49. hxg5 Kxg5 50. c6 h4 51. Bd5 h3 52. Ke5 h2 53. Kd6 Kf5 54. Ke7 Ke5 1/2-1/2

[Event "SLO-ch U14"]
[Site "Bled"]
[Date "2015.02.23"]
[Round "5"]
[White "Pridigar, Lovro"]
[Black "Unuk, Jan"]
[Result "1-0"]
[WhiteElo "1623"]
[BlackElo "1720"]
[PlyCount "119"]
[EventDate "2015.02.21"]
[EventType "swiss"]
[EventRounds "9"]
[EventCountry "SLO"]
[SourceTitle "EXT 2023"]
[Source "ChessBase"]
[SourceDate "2022.10.05"]
[SourceVersion "1"]
[SourceVersionDate "2022.10.05"]
[SourceQuality "1"]

1. d4 d5 2. c4 c6 3. Nf3 Bf5 4. Nc3 dxc4 5. e4 Bg4 6. Bxc4 Nf6 7. Bxf7+ Kxf7 8. Ne5+ Ke8 9. Nxg4 Nxg4 10. Qxg4 Na6 11. 0-0 Nb4 12. d5 Qb6 13. Be3 Qa5 14. dxc6 bxc6 15. Rad1 Qc7 16. Bf4 Qb7 17. Qh5+ g6 18. Qe5 Rg8 19. Qe6 Rg7 20. Bh6 Rf7 21. Bxf8 Kxf8 22. Rd7 Qc8 23. Rfd1 c5 24. Qe5 Rg7 25. Rc7 Qe8 26. Rdd7 Rd8 27. Qxg7+ Kxg7 28. Rxe7+ Qxe7 29. Rxe7+ Kg8 30. Rxa7 Nd3 31. Nd5 Rf8 32. f3 Nxb2 33. Kf2 c4 34. Ke2 Rf7 35. Rxf7 Kxf7 36. Kd2 Na4 37. Nc3 Nc5 38. Ke3 Nd3 39. a4 Ke7 40. e5 Kd7 41. f4 Kc6 42. Ke4 Kc5 43. Nd5 Kc6 44. g4 Nc5+ 45. Kd4 Nxa4 46. Kxc4 Nc5 47. Ne7+ Kb6 48. Kd5 Nd7 49. f5 Kc7 50. f6 Nf8 51. e6 h6 52. Ke5 h5 53. Nd5+ Kd8 54. e7+ Ke8 55. Nc7+ Kf7 56. e8Q+ Kg8 57. f7+ Kg7 58. Qxf8+ Kxf8 59. Kf6 hxg4 60. Ne6# 1-0

[Event "SLO-ch U14"]
[Site "Bled"]
[Date "2015.02.22"]
[Round "3"]
[White "Unuk, Jan"]
[Black "Brinovec, David"]
[Result "1/2-1/2"]
[WhiteElo "1720"]
[BlackElo "1946"]
[PlyCount "99"]
[EventDate "2015.02.21"]
[EventType "swiss"]
[EventRounds "9"]
[EventCountry "SLO"]
[SourceTitle "EXT 2023"]
[Source "ChessBase"]
[SourceDate "2022.10.05"]
[SourceVersion "1"]
[SourceVersionDate "2022.10.05"]
[SourceQuality "1"]

1. d4 d5 2. c4 c6 3. Nf3 Nf6 4. Nc3 e6 5. Bg5 Nbd7 6. e3 Qa5 7. Bxf6 Nxf6 8. Nd2 Bb4 9. Qc2 0-0 10. Bd3 dxc4 11. Nxc4 Bxc3+ 12. bxc3 Qc7 13. Ne5 b6 14. 0-0 Bb7 15. Rac1 Rac8 16. Rfd1 Rfd8 17. Rd2 h6 18. h3 c5 19. a4 Qd6 20. Qb2 Qd5 21. Nf3 Ne4 22. Bxe4 Qxe4 23. c4 cxd4 24. Rxd4 Rxd4 25. Qxd4 Qxd4 26. Nxd4 Bd5 27. Nb5 a6 28. Nd6 Rc6 29. e4 Bxc4 30. Nxc4 b5 31. axb5 axb5 32. Kf1 Rxc4 33. Rxc4 bxc4 34. Ke2 Kf8 35. Kd2 Ke7 36. Kc3 Kd6 37. Kd4 c3 38. Kxc3 Ke5 39. Kd3 Kf4 40. Kd4 e5+ 41. Kd5 f6 42. Ke6 Kxe4 43. Kf7 Kd3 44. Kxg7 Ke2 45. Kxf6 e4 46. Kf5 Kxf2 47. Kxe4 Kxg2 48. Kf5 Kxh3 49. Kg6 Kg4 50. Kxh6 1/2-1/2

[Event "SLO-ch U14"]
[Site "Bled"]
[Date "2015.02.21"]
[Round "2"]
[White "Ahtik, Stas"]
[Black "Unuk, Jan"]
[Result "0-1"]
[WhiteElo "1450"]
[BlackElo "1720"]
[PlyCount "156"]
[EventDate "2015.02.21"]
[EventType "swiss"]
[EventRounds "9"]
[EventCountry "SLO"]
[SourceTitle "EXT 2023"]
[Source "ChessBase"]
[SourceDate "2022.10.05"]
[SourceVersion "1"]
[SourceVersionDate "2022.10.05"]
[SourceQuality "1"]

1. e4 e6 2. d4 d5 3. Nc3 Bb4 4. a3 Bxc3+ 5. bxc3 Ne7 6. Bd3 c5 7. exd5 exd5 8. Bb5+ Nbc6 9. Nf3 0-0 10. 0-0 Qb6 11. Bxc6 bxc6 12. Be3 cxd4 13. cxd4 Bg4 14. h3 Bh5 15. Rb1 Qa6 16. Bd2 Rfe8 17. Bb4 Nc8 18. Rb3 Nb6 19. Qd3 Qxd3 20. Rxd3 Bxf3 21. Rxf3 Nc4 22. Rd3 a5 23. Bc5 Re2 24. Rc1 h6 25. Rb3 Rae8 26. g3 Rd2 27. Rd3 Ree2 28. Rxd2 Nxd2 29. Bb6 a4 30. Ba5 Ne4 31. Be1 Nd6 32. Kf1 Re4 33. Bb4 Nb5 34. c3 f5 35. Re1 Kf7 36. Rxe4 fxe4 37. Ke2 Kf6 38. Ke3 g5 39. f3 exf3 40. Kxf3 Kf5 41. g4+ Kg6 42. Kg3 Nc7 43. Kf3 Ne8 44. Ke3 Nf6 45. Be7 Ne4 46. Bb4 Kf7 47. Kf3 Ke8 48. Ke3 Kd7 49. Bf8 Nxc3 50. Bxh6 Ne4 51. Bxg5 Nxg5 52. h4 Nf7 53. g5 Nh8 54. h5 Ke6 55. Kf4 Ke7 56. Kf5 Nf7 57. g6 Nd6+ 58. Kg5 Kf8 59. h6 Ne4+ 60. Kf5 Kg8 61. Ke6 Ng3 62. g7 Nh5 63. Kf5 Kh7 64. Kg5 Nxg7 65. hxg7 Kxg7 66. Kf5 Kf7 67. Ke5 Ke7 68. Kf4 Kd6 69. Ke3 c5 70. Kd3 cxd4 71. Kxd4 Kc6 72. Kd3 Kc5 73. Kc3 d4+ 74. Kd2 Kc4 75. Kc2 d3+ 76. Kd2 Kd4 77. Kd1 Kc3 78. Kc1 Kb3 0-1

[Event "SLO-ch U14"]
[Site "Bled"]
[Date "2015.02.21"]
[Round "1"]
[White "Unuk, Jan"]
[Black "Ceh Breznik, Lovro"]
[Result "1/2-1/2"]
[WhiteElo "1720"]
[BlackElo "1431"]
[PlyCount "82"]
[EventDate "2015.02.21"]
[EventType "swiss"]
[EventRounds "9"]
[EventCountry "SLO"]
[SourceTitle "EXT 2023"]
[Source "ChessBase"]
[SourceDate "2022.10.05"]
[SourceVersion "1"]
[SourceVersionDate "2022.10.05"]
[SourceQuality "1"]

1. d4 d5 2. c4 c6 3. Nf3 Nf6 4. Nc3 e6 5. Bg5 h6 6. Bxf6 Qxf6 7. e3 Bd6 8. Bd3 Nd7 9. 0-0 0-0 10. e4 dxe4 11. Nxe4 Qe7 12. Qb3 Nf6 13. Rfe1 b6 14. Nxf6+ Qxf6 15. Be4 Bd7 16. Ne5 Bxe5 17. dxe5 Qe7 18. Rad1 Rac8 19. Qd3 Rfd8 20. Qd6 Qxd6 21. Rxd6 Be8 22. Red1 Rxd6 23. Rxd6 Kf8 24. b4 Ke7 25. f4 c5 26. b5 Rd8 27. Rxd8 Kxd8 28. g4 Ke7 29. Kf2 f6 30. h4 fxe5 31. fxe5 g5 32. h5 Bd7 33. Ke3 Bc8 34. Kd3 Bd7 35. Kc3 Bc8 36. Kb3 Kd8 37. a4 Kc7 38. Bc6 Bd7 39. Bxd7 Kxd7 40. a5 Kc7 41. axb6+ axb6 1/2-1/2

[Event "Nova Gorica op-A 20th"]
[Site "Nova Gorica"]
[Date "2015.01.30"]
[Round "1"]
[White "Bratkovic, Sham"]
[Black "Unuk, Jan"]
[Result "1-0"]
[WhiteElo "2268"]
[BlackElo "1720"]
[PlyCount "63"]
[EventDate "2015.01.30"]
[EventType "swiss"]
[EventRounds "9"]
[EventCountry "SLO"]
[SourceTitle "CBM 164 Extra"]
[Source "ChessBase"]
[SourceDate "2015.03.02"]
[SourceVersion "1"]
[SourceVersionDate "2015.03.02"]
[SourceQuality "1"]

1. d4 d5 2. c4 c6 3. Nc3 Nf6 4. e3 Bf5 5. cxd5 cxd5 6. Qb3 Qd7 7. Nf3 e6 8. Ne5 Qc7 9. Bd2 Nc6 10. Rc1 a6 11. Na4 Bd6 12. Nxc6 bxc6 13. Qc3 Rc8 14. f3 Qb7 15. Qa5 0-0 16. Bxa6 Qa7 17. Bxc8 Qxa5 18. Bxa5 Rxc8 19. Nb6 Rb8 20. Rxc6 Bf8 21. 0-0 Bd3 22. Rfc1 Bb5 23. Rc8 Rb7 24. Bb4 Be8 25. Ba5 Ra7 26. Ra8 Re7 27. Rcc8 h6 28. Bb4 Rb7 29. Rxe8 Nxe8 30. Rxe8 Rxb6 31. Rxf8+ Kh7 32. Bc3 1-0

[Event "Ljubljana-chT 68th Superliga"]
[Site "Ljubljana"]
[Date "2015.01.15"]
[Round "2.4"]
[White "Hozjan, Erik"]
[Black "Unuk, Jan"]
[Result "0-1"]
[WhiteElo "1866"]
[BlackElo "1720"]
[PlyCount "120"]
[EventDate "2015.01.08"]
[EventType "team-tourn"]
[EventRounds "9"]
[EventCountry "SLO"]
[SourceTitle "EXT 2022"]
[Source "ChessBase"]
[SourceDate "2021.10.06"]
[SourceVersion "1"]
[SourceVersionDate "2021.10.06"]
[SourceQuality "1"]
[WhiteTeam "Crni Vitezi"]
[BlackTeam "Komenda Pogi"]
[WhiteTeamCountry "SLO"]
[BlackTeamCountry "SLO"]

1. e4 e6 2. d4 d5 3. Nd2 Nf6 4. e5 Nfd7 5. Bd3 c5 6. c3 Nc6 7. Ne2 f6 8. Nf4 Qe7 9. Qh5+ Qf7 10. Bg6 hxg6 11. Qxh8 fxe5 12. Ne2 exd4 13. cxd4 cxd4 14. Nf3 e5 15. Ng5 Qf6 16. b3 Nc5 17. Ba3 Nd3+ 18. Kd2 Qxg5+ 19. f4 Qf5 20. fxe5 Ndb4 21. Rac1 Qd3+ 22. Ke1 Bg4 23. Ng3 Nc2+ 24. Rxc2 Qd1+ 25. Kf2 Qxc2+ 26. Kg1 Qd1+ 27. Nf1 Ne7 28. Bxe7 Kxe7 29. Kf2 Qe2+ 30. Kg3 Bf5 31. Qh4+ Kf7 32. Qxd4 Qd3+ 33. Qxd3 Bxd3 34. Ne3 Ke6 35. Rd1 Be4 36. Rf1 Bc5 37. Ng4 Bf5 38. Rc1 Rc8 39. Kf3 Bxg4+ 40. Kxg4 Rc6 41. Re1 Bd4 42. Kg5 Bxe5 43. h4 Kd6 44. Kxg6 Kd7+ 45. Kg5 Bf6+ 46. Kh5 Be7 47. Kg4 Rg6+ 48. Kh3 Rh6 49. g3 d4 50. Kg4 Rg6+ 51. Kf3 Rf6+ 52. Kg4 Bb4 53. Rd1 Rd6 54. Kf3 d3 55. g4 d2 56. Ke3 Re6+ 57. Kd3 Re1 58. Kc2 Rxd1 59. Kxd1 Ke6 60. Kc2 Ke5 0-1

[Event "Ljubljana-chT 68th Superliga"]
[Site "Ljubljana"]
[Date "2015.01.08"]
[Round "1.4"]
[White "Unuk, Jan"]
[Black "Juhant, Igor"]
[Result "0-1"]
[WhiteElo "1720"]
[BlackElo "1993"]
[PlyCount "78"]
[EventDate "2015.01.08"]
[EventType "team-tourn"]
[EventRounds "9"]
[EventCountry "SLO"]
[SourceTitle "EXT 2022"]
[Source "ChessBase"]
[SourceDate "2021.10.06"]
[SourceVersion "1"]
[SourceVersionDate "2021.10.06"]
[SourceQuality "1"]
[WhiteTeam "Komenda Pogi"]
[BlackTeam "Komenda Popotnik"]
[WhiteTeamCountry "SLO"]
[BlackTeamCountry "SLO"]

1. d4 Nf6 2. c4 e6 3. Nf3 b6 4. Nc3 Ba6 5. e3 Be7 6. Bd3 d5 7. cxd5 Bxd3 8. Qxd3 exd5 9. 0-0 0-0 10. Bd2 Re8 11. Rac1 Bd6 12. Nb5 Ne4 13. Be1 c6 14. Nxd6 Qxd6 15. Nd2 Nd7 16. f3 Nxd2 17. Bxd2 Re6 18. Rfd1 Rh6 19. g3 Rg6 20. Be1 h5 21. Kh1 Re8 22. Bf2 Qf6 23. Qe2 Qf5 24. Bg1 c5 25. b3 Rf6 26. Kg2 g5 27. h3 g4 28. fxg4 Qe4+ 29. Kh2 cxd4 30. gxh5 Ne5 31. g4 dxe3 32. Rf1 Nf3+ 33. Kg3 Nxg1 34. Rxg1 d4 35. Rgf1 d3 36. Qb2 Rxf1 37. Rxf1 e2 38. Re1 Qe3+ 39. Kg2 d2 0-1

[Event "SLO-chT2 West"]
[Site "Ljubljana"]
[Date "2014.11.08"]
[Round "8.6"]
[White "Hozjan, Erik"]
[Black "Unuk, Jan"]
[Result "1-0"]
[WhiteElo "1848"]
[BlackElo "1566"]
[PlyCount "73"]
[EventDate "2014.10.17"]
[EventType "team-tourn"]
[EventRounds "9"]
[EventCountry "SLO"]
[SourceTitle "EXT 2019"]
[Source "ChessBase"]
[SourceDate "2018.10.10"]
[SourceVersion "1"]
[SourceVersionDate "2018.10.10"]
[SourceQuality "1"]
[WhiteTeam "Posocje"]
[BlackTeam "Komenda II"]
[WhiteTeamCountry "SLO"]
[BlackTeamCountry "SLO"]

1. e4 e6 2. d4 d5 3. Nd2 Nf6 4. e5 Nfd7 5. Bd3 c5 6. c3 Nc6 7. Ngf3 f6 8. exf6 Nxf6 9. 0-0 Bd6 10. dxc5 Bxc5 11. Qe2 0-0 12. Nb3 Bd6 13. Nbd4 Re8 14. Nxc6 bxc6 15. Ne5 Qc7 16. f4 c5 17. g4 Nd7 18. Bxh7+ Kxh7 19. g5 g6 20. Nxg6 Kxg6 21. f5+ Kg7 22. f6+ Kf8 23. g6 Nxf6 24. Rxf6+ Kg8 25. Bh6 Bb7 26. Rf7 Qc6 27. Rg7+ Kh8 28. Rh7+ Kg8 29. Qf3 Rf8 30. Bxf8 Rxf8 31. Rf7 Qe8 32. Rf1 Qb8 33. Qh5 Bxh2+ 34. Qxh2 Qxh2+ 35. Kxh2 Rb8 36. g7 Bc8 37. Rc7 1-0

[Event "SLO-chT2 West"]
[Site "Ljubljana"]
[Date "2014.11.08"]
[Round "7.6"]
[White "Unuk, Jan"]
[Black "Pretnar, Bostjan"]
[Result "1/2-1/2"]
[WhiteElo "1566"]
[BlackElo "1727"]
[PlyCount "44"]
[EventDate "2014.10.17"]
[EventType "team-tourn"]
[EventRounds "9"]
[EventCountry "SLO"]
[SourceTitle "EXT 2019"]
[Source "ChessBase"]
[SourceDate "2018.10.10"]
[SourceVersion "1"]
[SourceVersionDate "2018.10.10"]
[SourceQuality "1"]
[WhiteTeam "Komenda II"]
[BlackTeam "Radovljica"]
[WhiteTeamCountry "SLO"]
[BlackTeamCountry "SLO"]

1. d4 Nf6 2. c4 e5 3. dxe5 Ng4 4. e3 Nxe5 5. Nh3 g6 6. Nc3 Bg7 7. Be2 0-0 8. 0-0 d6 9. Nf4 Be6 10. Qb3 Na6 11. Ncd5 Nc5 12. Qc2 Bf5 13. Qd1 a5 14. a4 Be6 15. Bd2 Ne4 16. Nxe6 fxe6 17. Nf4 Qe7 18. f3 Nxd2 19. Qxd2 Nc6 20. Rac1 Nb4 21. Nd3 Nxd3 22. Qxd3 b6 1/2-1/2

[Event "SLO-chT Central 1st League 15th"]
[Site "Slovenia"]
[Date "2014.09.25"]
[Round "3.1"]
[White "Pridigar, Lovro"]
[Black "Unuk, Jan"]
[Result "0-1"]
[WhiteElo "1686"]
[BlackElo "1566"]
[PlyCount "70"]
[EventDate "2014.09.11"]
[EventType "team-swiss"]
[EventRounds "9"]
[EventCountry "SLO"]
[SourceTitle "EXT 2022"]
[Source "ChessBase"]
[SourceDate "2021.10.06"]
[SourceVersion "1"]
[SourceVersionDate "2021.10.06"]
[SourceQuality "1"]
[WhiteTeam "Torbarji"]
[BlackTeam "Komenda Suma"]
[WhiteTeamCountry "SLO"]
[BlackTeamCountry "SLO"]

1. d4 Nf6 2. Nf3 e6 3. e3 c5 4. Bd3 d5 5. b3 Nc6 6. Bb2 Bd7 7. 0-0 Be7 8. Nbd2 0-0 9. a3 Qc7 10. Ne5 cxd4 11. exd4 Bd6 12. f4 Ne7 13. Qf3 Ng6 14. g4 Be8 15. Qg3 Nd7 16. Qh3 f6 17. Nxg6 hxg6 18. f5 gxf5 19. gxf5 e5 20. dxe5 fxe5 21. Qg2 Nf6 22. Rac1 Bc6 23. b4 e4 24. Be2 Bf4 25. Rfd1 Be3+ 26. Kh1 d4 27. Bc4+ Kh8 28. Qh3+ Nh7 29. Qh4 Bxd2 30. Rxd2 e3+ 31. Rg2 Bxg2+ 32. Kxg2 Qxc4 33. Bxd4 Qe2+ 34. Kh1 Qf3+ 35. Kg1 Qf2+ 0-1

[Event "Ljubljana op 2nd"]
[Site "Ljubljana"]
[Date "2014.06.10"]
[Round "8"]
[White "Mazzini, Katarina"]
[Black "Unuk, Jan"]
[Result "0-1"]
[WhiteElo "1213"]
[BlackElo "1570"]
[PlyCount "58"]
[EventDate "2014.04.02"]
[EventType "swiss"]
[EventRounds "9"]
[EventCountry "SLO"]
[SourceTitle "EXT 2023"]
[Source "ChessBase"]
[SourceDate "2022.10.05"]
[SourceVersion "1"]
[SourceVersionDate "2022.10.05"]
[SourceQuality "1"]

1. e4 e6 2. d4 d5 3. Nd2 Nc6 4. Ngf3 Nf6 5. e5 Nd7 6. c3 Nb6 7. Nb3 Be7 8. Bd3 f6 9. exf6 Bxf6 10. 0-0 0-0 11. Re1 Be7 12. Qc2 h6 13. Ne5 Nxe5 14. Rxe5 Bd6 15. Rh5 Qf6 16. Be3 Bd7 17. Qd2 Bf4 18. Re1 g6 19. Rh3 g5 20. Rf3 Nc4 21. Bxc4 dxc4 22. Nc5 Bc6 23. Rh3 g4 24. Rh5 Qg6 25. Rh4 Qg5 26. g3 Qd5 27. f3 Qxf3 28. gxf4 Qh1+ 29. Kf2 Qg2# 0-1

[Event "Ljubljana op 2nd"]
[Site "Ljubljana"]
[Date "2014.06.10"]
[Round "9"]
[White "Unuk, Jan"]
[Black "Drobnic, Simona"]
[Result "1-0"]
[WhiteElo "1570"]
[BlackElo "1412"]
[PlyCount "81"]
[EventDate "2014.04.02"]
[EventType "swiss"]
[EventRounds "9"]
[EventCountry "SLO"]
[SourceTitle "EXT 2023"]
[Source "ChessBase"]
[SourceDate "2022.10.05"]
[SourceVersion "1"]
[SourceVersionDate "2022.10.05"]
[SourceQuality "1"]

1. d4 Nf6 2. c4 e6 3. Nf3 d5 4. Nc3 Be7 5. Bg5 0-0 6. e3 c6 7. Rc1 dxc4 8. Bxc4 b5 9. Bd3 Bb7 10. 0-0 a6 11. Qc2 h6 12. Bxf6 Bxf6 13. Ne4 Re8 14. Nc5 Qc7 15. Be4 Rc8 16. a4 Be7 17. Nxb7 Qxb7 18. Ne5 bxa4 19. Nxc6 Nxc6 20. Bxc6 Qb6 21. Qxa4 Ra7 22. Rc2 Qb4 23. Qa2 Qb6 24. Rfc1 Rac7 25. Qa4 a5 26. d5 exd5 27. Bxd5 Rxc2 28. Rxc2 Rxc2 29. Qxc2 Qd6 30. Qc4 Kf8 31. Qc8+ Bd8 32. Qf5 Bf6 33. g3 a4 34. Qc8+ Ke7 35. Bc6 Qd1+ 36. Kg2 Qd8 37. Qb7+ Ke6 38. e4 Qe7 39. Bd5+ Ke5 40. Qb6 Qd6 41. f4# 1-0

[Event "Ljubljana op 2nd"]
[Site "Ljubljana"]
[Date "2014.05.28"]
[Round "7"]
[White "Unuk, Jan"]
[Black "Drobnic, Rok"]
[Result "1-0"]
[WhiteElo "1570"]
[BlackElo "1196"]
[PlyCount "39"]
[EventDate "2014.04.02"]
[EventType "swiss"]
[EventRounds "9"]
[EventCountry "SLO"]
[SourceTitle "EXT 2023"]
[Source "ChessBase"]
[SourceDate "2022.10.05"]
[SourceVersion "1"]
[SourceVersionDate "2022.10.05"]
[SourceQuality "1"]

1. d4 Nf6 2. c4 e6 3. Nc3 Be7 4. Nf3 d5 5. Bg5 0-0 6. e3 dxc4 7. Bxc4 Nbd7 8. 0-0 Nb6 9. Bd3 Re8 10. Rc1 c6 11. Ne5 h6 12. Bxf6 Bxf6 13. Ng4 Bd7 14. Qf3 Be7 15. Ne5 Bd6 16. Qxf7+ Kh8 17. Qg6 Kg8 18. Qh7+ Kf8 19. Qh8+ Ke7 20. Qxg7# 1-0

[Event "SLO-chT U16"]
[Site "Moravske Toplice"]
[Date "2014.05.18"]
[Round "5"]
[White "Markocic, Tine"]
[Black "Unuk, Jan"]
[Result "1-0"]
[WhiteElo "1922"]
[BlackElo "1557"]
[PlyCount "53"]
[EventDate "2014.05.16"]
[EventType "team-swiss"]
[EventRounds "6"]
[EventCountry "SLO"]
[SourceTitle "EXT 2022"]
[Source "ChessBase"]
[SourceDate "2021.10.06"]
[SourceVersion "1"]
[SourceVersionDate "2021.10.06"]
[SourceQuality "1"]

1. e4 e6 2. Nf3 d5 3. Nc3 Nf6 4. e5 Nfd7 5. d4 c5 6. dxc5 Bxc5 7. Bd3 Nc6 8. Bf4 Qb6 9. 0-0 Qxb2 10. Nb5 Qb4 11. Bd2 Qa4 12. Nc7+ Kd8 13. Nxa8 Ndxe5 14. Nxe5 Nxe5 15. Be3 Qc6 16. Qe1 Nxd3 17. cxd3 b6 18. Bxc5 Qxc5 19. Rc1 Qa3 20. Qe5 Bd7 21. Qb8+ Ke7 22. Qxh8 g6 23. Rc7 Qxa2 24. Qc8 Qa4 25. Qxd7+ Qxd7 26. Rxd7+ Kxd7 27. Ra1 1-0

[Event "Ljubljana op 2nd"]
[Site "Ljubljana"]
[Date "2014.05.06"]
[Round "4"]
[White "Tisler, Janez"]
[Black "Unuk, Jan"]
[Result "1/2-1/2"]
[WhiteElo "1589"]
[BlackElo "1570"]
[PlyCount "66"]
[EventDate "2014.04.02"]
[EventType "swiss"]
[EventRounds "9"]
[EventCountry "SLO"]
[SourceTitle "EXT 2023"]
[Source "ChessBase"]
[SourceDate "2022.10.05"]
[SourceVersion "1"]
[SourceVersionDate "2022.10.05"]
[SourceQuality "1"]

1. e4 e6 2. d4 d5 3. e5 c5 4. c3 Nc6 5. Bb5 cxd4 6. Qxd4 Bd7 7. Bxc6 Bxc6 8. Ne2 Qc7 9. 0-0 Bb5 10. Re1 Bc5 11. Qf4 Ne7 12. Nd4 Bd7 13. b4 Bb6 14. a4 a5 15. Qg3 Bxd4 16. cxd4 Nf5 17. Qd3 axb4 18. g4 Ne7 19. Qb3 Qb6 20. Be3 0-0 21. Nc3 Nc6 22. Nb5 Na5 23. Qxb4 Bxb5 24. axb5 Nc4 25. Rxa8 Rxa8 26. Qc5 h6 27. f4 Ra5 28. Qxb6 Nxb6 29. Rb1 Nc4 30. Bc1 Kf8 31. h4 g6 32. f5 Kg7 33. fxe6 fxe6 1/2-1/2

[Event "Ljubljana op 2nd"]
[Site "Ljubljana"]
[Date "2014.04.07"]
[Round "1"]
[White "Unuk, Jan"]
[Black "Kmetic, Andrej"]
[Result "1/2-1/2"]
[WhiteElo "1570"]
[BlackElo "1397"]
[PlyCount "108"]
[EventDate "2014.04.02"]
[EventType "swiss"]
[EventRounds "9"]
[EventCountry "SLO"]
[SourceTitle "EXT 2023"]
[Source "ChessBase"]
[SourceDate "2022.10.05"]
[SourceVersion "1"]
[SourceVersionDate "2022.10.05"]
[SourceQuality "1"]

1. d4 d5 2. c4 e6 3. Nc3 Nf6 4. Nf3 Nbd7 5. Bg5 c6 6. e3 Qa5 7. Nd2 dxc4 8. Bxf6 Nxf6 9. Bxc4 Be7 10. 0-0 0-0 11. Nde4 b5 12. Bd3 Bd7 13. Nxf6+ Bxf6 14. Qc2 g6 15. Ne4 Bg7 16. Nc5 Qc7 17. Be4 f5 18. Nxd7 Qxd7 19. Bxc6 Qc7 20. Be4 Qxc2 21. Bxc2 Rfc8 22. Bb3 Kf7 23. Rad1 Ke7 24. Rfe1 a5 25. a4 b4 26. e4 Ra6 27. exf5 gxf5 28. Re3 Rd6 29. Red3 Rcd8 30. d5 Bxb2 31. Rh3 Rh8 32. dxe6 Rxd1+ 33. Bxd1 Kxe6 34. Rh6+ Bf6 35. Bb3+ Ke7 36. Kf1 Rc8 37. Rxh7+ Kd6 38. Rh3 Rc1+ 39. Ke2 Bc3 40. Rd3+ Ke5 41. Rd5+ Kf4 42. Rxa5 Rb1 43. Bc2 Re1+ 44. Kd3 b3 45. Kxc3 bxc2 46. Kxc2 Re2+ 47. Kc3 Rxf2 48. Rd5 Rxg2 49. Rd2 Kf3 50. Rxg2 Kxg2 51. a5 f4 52. a6 f3 53. a7 f2 54. a8Q+ Kxh2 1/2-1/2

[Event "Ljubljana Winter op"]
[Site "Ljubljana"]
[Date "2014.03.05"]
[Round "6"]
[White "Tisler, Janez"]
[Black "Unuk, Jan"]
[Result "1-0"]
[WhiteElo "1589"]
[BlackElo "1566"]
[PlyCount "63"]
[EventDate "2014.01.08"]
[EventType "swiss"]
[EventRounds "9"]
[EventCountry "SLO"]
[SourceTitle "EXT 2023"]
[Source "ChessBase"]
[SourceDate "2022.10.05"]
[SourceVersion "1"]
[SourceVersionDate "2022.10.05"]
[SourceQuality "1"]

1. Nf3 d5 2. g3 Nf6 3. Bg2 c5 4. c4 e6 5. d3 Nc6 6. 0-0 Be7 7. b3 0-0 8. Bb2 Qc7 9. Nc3 a6 10. e3 Rd8 11. Qc2 Rb8 12. a3 b5 13. cxd5 exd5 14. Ne2 Bf5 15. Nh4 Bg4 16. Rac1 Bxe2 17. Qxe2 Ne8 18. Nf5 Bf8 19. Qg4 Kh8 20. Rxc5 f6 21. Rxd5 Rxd5 22. Bxd5 Rd8 23. e4 Ne7 24. Rc1 Qa5 25. Nxe7 Bxe7 26. Qe6 Nd6 27. Qxe7 h6 28. Rc7 Ne8 29. Qxd8 Qxc7 30. Qxe8+ Kh7 31. Be6 h5 32. Qxh5# 1-0

[Event "Ljubljana-chT 67th 2nd League"]
[Site "Ljubljana"]
[Date "2014.02.16"]
[Round "5.1"]
[White "Malkoc, Tilen"]
[Black "Unuk, Jan"]
[Result "0-1"]
[WhiteElo "1385"]
[BlackElo "1566"]
[PlyCount "96"]
[EventDate "2014.01.09"]
[EventType "team-tourn"]
[EventRounds "10"]
[EventCountry "SLO"]
[SourceTitle "EXT 2022"]
[Source "ChessBase"]
[SourceDate "2021.10.06"]
[SourceVersion "1"]
[SourceVersionDate "2021.10.06"]
[SourceQuality "1"]
[WhiteTeam "Torbarji"]
[BlackTeam "Komenda Suma"]
[WhiteTeamCountry "SLO"]
[BlackTeamCountry "SLO"]

1. e4 e6 2. d4 d5 3. exd5 exd5 4. Nf3 Bd6 5. Nc3 c6 6. Bd3 Ne7 7. 0-0 0-0 8. h3 Bf5 9. Bg5 f6 10. Bxf5 Nxf5 11. Bd2 Na6 12. Ne2 Qc7 13. Qc1 Rae8 14. Re1 Re4 15. c3 Rfe8 16. Qc2 c5 17. dxc5 Bxc5 18. Nfd4 Bxd4 19. Nxd4 Nxd4 20. Qa4 Nf3+ 21. gxf3 Rxa4 22. Rxe8+ Kf7 23. Rae1 Rxa2 24. f4 Rxb2 25. Be3 Kxe8 26. Bb6+ Qe7 27. Rxe7+ Kxe7 28. Bxa7 b6 29. Kf1 Kd7 30. Ke1 Kc7 31. Kd1 Rxf2 32. Ke1 Rxf4 33. Bxb6+ Kxb6 34. Kd2 Rh4 35. c4 dxc4 36. Kc3 Rxh3+ 37. Kxc4 Kc6 38. Kd4 Rh4+ 39. Ke3 Kd5 40. Kf3 g5 41. Ke3 Rh3+ 42. Kf2 g4 43. Kg2 Ke4 44. Kf2 f5 45. Kf1 Ke3 46. Kg2 f4 47. Kg1 f3 48. Kf1 Rh1# 0-1